Ciencias naturales : BUP 1
Saved in:
| Other Authors: | |
|---|---|
| Format: | Book |
| Language: | Spanish |
| Published: |
Madrid :
Santillana,
1991
|
| Textbook Catalogue: | MANES: Library Catalog Search Result |
| Textbook Classification: |
|
| Tags: |
Add Tag
No Tags, Be the first to tag this record!
|
| Added to: | 1994-06-26 |
| Changed in: | 2025-05-07 |
MARC
| LEADER | 00000cam a2200000 4500 | ||
|---|---|---|---|
| 005 | 20250507134405.0 | ||
| 008 | 940627s1991 esp w 0000 spa | ||
| 020 | |a 8429423532 | ||
| 040 | |a uned |b spa |c entro-manes | ||
| 245 | 0 | 0 | |a Ciencias naturales : |b BUP 1 / |c Joaquín Mulas Sánchez ... [et al.] |
| 260 | |a Madrid : |b Santillana, |c 1991 | ||
| 300 | |a 255 p : |b il. | ||
| 546 | |a España | ||
| 561 | |5 es-BUNED |3 L.T.M. 0342 |a España. Fondo Manes UNED |k MANES | ||
| 690 | 0 | |a CN | |
| 691 | 0 | |a SE | |
| 700 | 1 | |a Mulas Sánchez, Joaquín |9 37291 | |
| 942 | |2 ddc |c BK | ||
| 999 | |c 93339 |d 93339 | ||
| 999 | |c manes:93339 |d 93339 | ||